As pregacões de Jesus (Record no. 45089)

MARC details
000 -Etiqueta do registo
Valores 00691c a2200229 04500
100 ## - Dados gerais de processamento
Dados gerais 19831101d1983 a y0pory5003 ba
101 1# - Língua de publicação
Língua por
102 ## - País de publicação
País PT
200 1# - Titulo e menção de responsabilidade
Título próprio As pregacões de Jesus
Primeira menção de responsabilidade redaccão e coord. de Meryl e Malcolm Doney
Outras menções de responsabilidade trad. João Maia
-- il. Francis Phillips
210 #9 - Publicação
Local de publicação Lisboa
Nome do editor Verbo,
Data de publicação imp. 1983
215 ## - Descrição física 
Paginação / Volumes 45 p.
Outras indicações físicas muito il.
Dimensões 29 cm
225 2# - Colecção 
Título próprio da colecção A Bíblia contada às crianças
Indicação de volume 2
675 ## - CDU
Notação 087.5
Edição BN
Língua por
675 ## - CDU
Notação 27-23(0.053.2)
Edição BN
Língua por
700 #1 - Autor principal
Apelido Doney,
Nome Meryl
701 #1 - Autor co-responsavel
Apelido Doney,
Nome Malcolm
Função 070
702 #1 - Autor secundário
Apelido Maia,
Nome João,
Datas 1923-1999,
Função 730
702 #1 - Autor secundário
Apelido Phillips,
Nome Francis
Função 440
801 #0 - Fonte de origem
País PT
Agência BN
Regras de catalogação RPC
990 ## - Elementos KOHA
Tipo de documento Livro
Holdings
Aquisição Empréstimo Código de barras Cota Permissão de empréstimo Tipo de documento
Biblioteca do Centro Escolar de Montoito Biblioteca do Centro Escolar de Montoito 81204 27-27 AA.VV. BIBLIA   Livro

Powered by Koha